000 00555nam a22002057a 4500
003 koha_MIRAKIL
005 20231213100254.0
008 231213b |||||||| |||| 00| 0 ||| d
020 _b978-9-94470215-7
040 _aTR-IsEVY
_btur
_cTR-IsEVY
082 _aFIC KAL/H
100 _aKalkipsakis, Thalia.
245 0 _aHaydi kızlar
_bmadalya peşinde
250 _a3. bs.
260 _bCaretta Yayıncılık ,
_c2015
300 _a85 s.
650 _aChildren's literature -- Fiction.
650 _aÇocuk edebiyatı -- Roman.
942 _2ddc
_cBK
999 _c17299
_d17299